[Event "Panchavati Resha op 3rd"]
[Site "Panchavati"]
[Date "2017.07.19"]
[Round "2"]
[White "Dixit, Nikhil"]
[Black "Krishna, Prabhakar"]
[Result "1-0"]
[WhiteElo "2116"]
[BlackElo "1375"]
[PlyCount "43"]
[EventDate "2017.07.18"]
[EventType "swiss"]
[EventRounds "10"]
[EventCountry "IND"]
[SourceTitle "EXT 2018"]
[Source "ChessBase"]
[SourceDate "2017.10.13"]
[SourceVersion "1"]
[SourceVersionDate "2017.10.13"]
[SourceQuality "1"]

1. e4 d5 2. exd5 Qxd5 3. Nc3 Qd6 4. d4 Nf6 5. Nf3 c6 6. Ne5 Nbd7 7. Bf4 Nd5 8. Nxd5 Qxd5 9. Qd3 Nxe5 10. dxe5 Be6 11. Qxd5 Bxd5 12. 0-0-0 0-0-0 13. Be3 b6 14. a4 h6 15. e6 g5 16. h4 Bxe6 17. Ba6+ Kc7 18. Rxd8 Kxd8 19. hxg5 Bd5 20. f3 f5 21. c4 Bf7 22. Rd1+ 1-0

[Event "Mumbai Wealth op"]
[Site "Mumbai"]
[Date "2016.02.04"]
[Round "8"]
[White "Jaeel, Atharva"]
[Black "Krishna, Prabhakar"]
[Result "1/2-1/2"]
[WhiteElo "1644"]
[BlackElo "1312"]
[PlyCount "125"]
[EventDate "2016.01.28"]
[EventType "swiss"]
[EventRounds "9"]
[EventCountry "IND"]
[SourceTitle "CBM 170 Extra"]
[Source "ChessBase"]
[SourceDate "2016.02.25"]
[SourceVersion "1"]
[SourceVersionDate "2016.02.25"]
[SourceQuality "1"]

1. d4 Nf6 2. Bg5 h6 3. Bxf6 gxf6 4. Nf3 d5 5. e3 Bg4 6. Be2 e6 7. Nbd2 Nd7 8. h3 Bh5 9. c3 a6 10. e4 c6 11. exd5 cxd5 12. 0-0 Rg8 13. Re1 Qb6 14. Qb3 Rc8 15. Bd3 Qxb3 16. axb3 Kd8 17. b4 Bd6 18. b5 axb5 19. Bxb5 Kc7 20. Ra2 Nb6 21. Rea1 Ra8 22. Kf1 Bf4 23. g3 Bd6 24. Ke2 Rxa2 25. Rxa2 e5 26. Ke3 Bg6 27. Ra1 Bf5 28. h4 e4 29. Ng1 Be6 30. Ne2 f5 31. f4 Be7 32. b3 Ra8 33. Rxa8 Nxa8 34. c4 Nb6 35. c5 Nd7 36. Bxd7 Kxd7 37. Nc3 Bd8 38. b4 b6 39. Nb3 bxc5 40. dxc5 Bf6 41. Nd4 Kc7 42. Ncb5+ Kd8 43. Nd6 Kd7 44. N6xf5 Bxf5 45. Nxf5 Bc3 46. b5 Bb4 47. Kd4 Ke6 48. Ne3 Be1 49. Nxd5 Bf2+ 50. Ne3 Bxg3 51. Kxe4 Bxh4 52. c6 Bd8 53. Nd5 Kd6 54. f5 h5 55. Kd4 h4 56. Nf4 Bb6+ 57. Ke4 Kc5 58. Nd3+ Kxb5 59. Ne5 f6 60. Ng4 Kxc6 61. Nxf6 Bd8 62. Ng4 Kd7 63. Nf2 1/2-1/2

[Event "Mumbai Wealth op"]
[Site "Mumbai"]
[Date "2016.02.01"]
[Round "5"]
[White "Krishna, Prabhakar"]
[Black "Shirish, Khodwe"]
[Result "0-1"]
[WhiteElo "1312"]
[BlackElo "1566"]
[PlyCount "37"]
[EventDate "2016.01.28"]
[EventType "swiss"]
[EventRounds "9"]
[EventCountry "IND"]
[SourceTitle "CBM 170 Extra"]
[Source "ChessBase"]
[SourceDate "2016.02.25"]
[SourceVersion "1"]
[SourceVersionDate "2016.02.25"]
[SourceQuality "1"]

1. c4 e5 2. g3 d6 3. Bg2 Nf6 4. Nc3 c6 5. e4 Be7 6. Nge2 Bg4 7. f3 Be6 8. d3 Nbd7 9. 0-0 d5 10. cxd5 cxd5 11. exd5 Nxd5 12. Nxd5 Bxd5 13. Be3 0-0 14. d4 Bf6 15. Qd2 Nb6 16. b3 Re8 17. Nc3 exd4 18. Bxd4 Bxb3 19. Be3 0-1